International conference "Ecological problems in nuclear-powered submarines decommissioning and the development of the nuclear power in the region" (ECOFLOT-2002) (Запись № 9765537)

Подробности
000 -МАРКЕР
контрольное поле 02109nam0a2200325 4500
001 - ИДЕНТИФИКАТОР ЗАПИСИ
контрольное поле RU\NLR\b_ik\200724
005 - ИДЕНТИФИКАТОР ВЕРСИИ
контрольное поле 20250613195035.0
010 ## - МЕЖДУНАРОДНЫЙ СТАНДАРТНЫЙ НОМЕР КНИГИ (ISBN)
Номер (ISBN) 5-7596-0302-7
Тираж 150
035 ## - ДРУГИЕ СИСТЕМНЫЕ НОМЕРА
Идентификатор записи (NLR Aleph) 009996550
100 ## - ДАННЫЕ ОБЩЕЙ ОБРАБОТКИ
Данные общей обработки 20130329d2002 |||y0rusy50 ca
101 0# - ЯЗЫК РЕСУРСА
Язык текста, звукозаписи и т.д. английский
102 ## - СТРАНА ПУБЛИКАЦИИ ИЛИ ПРОИЗВОДСТВА
Страна публикации российская федерация
105 ## - ПОЛЕ КОДИРОВАННЫХ ДАННЫХ: ТЕКСТОВЫЕ МАТЕРИАЛЫ, МОНОГРАФИЧЕСКИЕ
Кодированные данные о монографическом текстовом документе y z 100yy
200 1# - ЗАГЛАВИЕ И СВЕДЕНИЯ ОБ ОТВЕТСТВЕННОСТИ
Основное заглавие International conference "Ecological problems in nuclear-powered submarines decommissioning and the development of the nuclear power in the region" (ECOFLOT-2002)
Сведения, относящиеся к заглавию abstracts of the presentation
210 ## - ПУБЛИКАЦИЯ, РАСПРОСТРАНЕНИЕ И ДР.
Место издания, распространения и т.д. Vladivostok
Имя издателя, распространителя и т. д. FESTU
Дата издания, распространения и т.д. 2002
215 ## - ФИЗИЧЕСКАЯ ХАРАКТЕРИСТИКА
Специфическое обозначение материала и объем 106 с.
Размеры 29
300 ## - ОБЩИЕ ПРИМЕЧАНИЯ
Текст примечания В вып. дан.: Экологические проблемы утилизации атомных подводных лодок и развитие ядерной энергетики в регионе: Международная конференция: тезисы докладов
300 ## - ОБЩИЕ ПРИМЕЧАНИЯ
Текст примечания В надзаг.: Intern. center for environmental safety of Minatom of Russia, Far Eastern federal enterprise for the treatment of radioactive waste (FSUE "DalRAO"), Far Eastern branch of the Russ. acad. of sciences [etc.]
517 0# - ДРУГИЕ ВАРИАНТЫ ЗАГЛАВИЯ
Вариант заглавия Экологические проблемы утилизации атомных подводных лодок и развитие ядерной энергетики в регионе (ЭКОФЛОТ-2002)
Сведения, относящиеся к заглавию Международная конференция
-- тезисы докладов
606 1# - НАИМЕНОВАНИЕ ТЕМЫ КАК ПРЕДМЕТ
Наименование темы Атомные подводные лодки
Формальный подзаголовок Тезисы докладов
Тематический подзаголовок Утилизация
-- Экологическая безопасность
Системный номер авторитетной/нормативной записи 2588613
Идентификатор авторитетной/нормативной записи RU\NLR\AUTH\661529901
686 1# - ИНДЕКСЫ ДРУГИХ КЛАССИФИКАЦИЙ
Индекс Ц661.11я431(0)
710 12 - НАИМЕНОВАНИЕ ОРГАНИЗАЦИИ - ПЕРВИЧНАЯ ОТВЕТСТВЕННОСТЬ
Графика поля Латинская
Материалы, к которым относится поле eng
Начальный элемент ввода "Ecological problems in nuclear-powered submarines decommissioning and the development of the nuclear power in the region", international conference
Место проведения временной организации Vladivostok
Дата проведения временной организации 2002
Системный номер авторитетной/нормативной записи 461515
Идентификатор авторитетной/нормативной записи RU\NLR\AUTH\880397422
801 #0 - ИСТОЧНИК ЗАПИСИ
Страна российская федерация
Организация NLR
Дата составления 20130329
Правила каталогизации RCR
801 #1 - ИСТОЧНИК ЗАПИСИ
Страна российская федерация
Организация NLR
Дата составления 20130329
942 ## - ДОПОЛНИТЕЛЬНЫЕ ЭЛЕМЕНТЫ ЗАПИСИ (АБИС)
Тип экземпляра АБИС Книга
980 ## - КОЛЛЕКЦИЯ
Название коллекции Национальная библиография
Экземпляры
Тип экземпляра Дата поступления Источник поступления Стоимость Библиотека постоянного хранения Библиотека текущего хранения Место хранения Шифр хранения Штрих-код Статус не для выдачи
Книга 29.03.2013 Дар 100.00 РНБ (Московский) РНБ (Московский) Иностранный книжный фонд Ик 2013-8/68 1-78842